书目信息 |
| 题名: |
班级心理辅导手册
|
|
| 作者: | 梁东标 , 汤礼深 主编 | |
| 分册: | ||
| 出版信息: | 广州 广东教育出版社 2003 |
|
| 页数: | 151页 | |
| 开本: | 26cm | |
| 丛书名: | 学校团体心理辅导丛书 | |
| 单 册: | ||
| 中图分类: | G44 , G622.3 | |
| 科图分类: | ||
| 主题词: | 小学生--心理卫生--教学参考资料 , 活动课程--小学--教学参考资料 , 小学生 , 心理卫生 , 活动课程 , 教育心理学 | |
| 电子资源: | ||
| ISBN: | 7-5406-5166-0 | |
| 000 | 01048oam2 2200325 450 | |
| 001 | 1258114845 | |
| 005 | 20121004160935.81 | |
| 010 | @a7-5406-5166-0@dCNY20.50 | |
| 100 | @a20040112d2003 em y0chiy50 ea | |
| 101 | 0 | @achi |
| 102 | @aCN@b440000 | |
| 105 | @aa z 000yy | |
| 200 | 1 | @a班级心理辅导手册@Aban ji xin li fu dao shou ce@f梁东标,汤礼深主编 |
| 210 | @a广州@c广东教育出版社@d2003 | |
| 215 | @a151页@c照片@d26cm | |
| 225 | 2 | @a学校团体心理辅导丛书@v1 |
| 330 | @a本书从理论上总结了班级团体心理辅导的基本原理,重点讨论了开展班级团体心理辅导的目的意义、策略与方法,简析了数十个班级心理辅导活动成功案例。 | |
| 461 | 0 | @12001 @a学校团体心理辅导丛书 |
| 606 | 0 | @a小学生@x心理卫生@j教学参考资料 |
| 606 | 0 | @a活动课程@x小学@j教学参考资料 |
| 606 | 0 | @a小学生 |
| 606 | 0 | @a心理卫生 |
| 606 | 0 | @a活动课程 |
| 606 | 0 | @a教育心理学 |
| 690 | @aG44@v4 | |
| 690 | @aG622.3@v4 | |
| 701 | 0 | @a梁东标@Aliang dong biao@4主编 |
| 701 | 0 | @a汤礼深@Atang li shen@4主编 |
| 801 | 0 | @aCN@bNLC@c20101222 |
| 905 | @a10447@dG44@eJY299:1 | |
| 班级心理辅导手册/梁东标,汤礼深主编.-广州:广东教育出版社,2003 |
| 151页:照片;26cm.-(学校团体心理辅导丛书;1) |
| ISBN 7-5406-5166-0:CNY20.50 |
| 本书从理论上总结了班级团体心理辅导的基本原理,重点讨论了开展班级团体心理辅导的目的意义、策略与方法,简析了数十个班级心理辅导活动成功案例。 |
| ● |
| 相关链接 |
|
|
|
|
正题名:班级心理辅导手册
索取号:G44/JY299:1
 
预约/预借
| 序号 | 登录号 | 条形码 | 馆藏地/架位号 | 状态 | 备注 |
| 1 | 7805889 | 278058897 | 学院路分馆/ [索取号:G44/JY299:1] | 在馆 | |
| 2 | 7805890 | 278058904 | 学院路分馆/ [索取号:G44/JY299:1] | 在馆 | |
| 3 | 7805891 | 278058913 | 学院路分馆/ [索取号:G44/JY299:1] | 在馆 | |
| 4 | 7805892 | 278058922 | 学院路分馆/ [索取号:G44/JY299:1] | 在馆 |